|
|
|
|
| LEADER |
00000nam0a2200000 4500 |
| 001 |
5071 |
| 005 |
20231030175338.0 |
| 010 |
|
|
|a 3787512242
|
| 035 |
|
|
|a (RuTPU)RU\TPU\book\5098
|
| 035 |
|
|
|a BOOK00005145
|
| 090 |
|
|
|a 5071
|
| 100 |
|
|
|a 20011209d1996 k y0gery50 ba
|
| 101 |
0 |
|
|a ger
|
| 102 |
|
|
|a DE
|
| 105 |
|
|
|a y z 000zy
|
| 200 |
1 |
|
|a Werke in acht Banden
|h Bd. 4
|i Schriften zur philosophischen Anthropologie und Ethik:das Menschenbild der Tugendlehre
|f J. Pieper
|
| 210 |
|
|
|a Hamburg
|c Meiner
|d 1996
|
| 215 |
|
|
|a 442 p.
|
| 610 |
1 |
|
|a философия
|
| 610 |
1 |
|
|a философская антропология
|
| 610 |
1 |
|
|a этика
|
| 686 |
|
|
|a Ю61
|v LBC/SL-A
|2 rubbk
|
| 686 |
|
|
|a Ю7
|v LBC/SL-A
|2 rubbk
|
| 700 |
|
1 |
|a Pieper
|b J.
|g Josef
|
| 801 |
|
0 |
|a RU
|b 63413507
|c 20011209
|g PSBO
|
| 801 |
|
2 |
|a RU
|b 63413507
|c 20070312
|g PSBO
|
| 942 |
|
|
|c BK
|